| 000 | 01677cam a22003974a 4500 | ||
|---|---|---|---|
| 001 | 14382813 | ||
| 005 | 20170105102914.0 | ||
| 008 | 060519s2006 nyuabf b 001 0 eng | ||
| 010 | _a 2006043701 | ||
| 020 | _a0743294238 | ||
| 020 | _a9780743294232 | ||
| 035 | _a(OCoLC)ocm69332311 | ||
| 040 |
_aDLC _cDLC _dBAKER _dOCO _dC#P _dVP@ _dIXA _dDLC |
||
| 042 | _apcc | ||
| 043 |
_aa-iq--- _an-us--- |
||
| 050 | 0 | 0 |
_aDS79.76 _b.G335 2006 |
| 082 | 0 | 0 |
_a956.7044/3 _222 |
| 100 | 1 |
_aGalbraith, Peter _q(Peter W.) |
|
| 245 | 1 | 4 |
_aThe end of Iraq : _bhow American incompetence created a war without end / _cPeter W. Galbraith. |
| 260 |
_aNew York : _bSimon & Schuster, _cc2006. |
||
| 300 |
_a260 p., [8] p. of plates : _bill., map ; _c25 cm. |
||
| 504 | _aIncludes bibliographical references (p. 240-244) and index. | ||
| 650 | 0 | _aIraq War, 2003-2011. | |
| 651 | 0 |
_aIraq _xHistory _y2003- |
|
| 651 | 0 |
_aIraq _xHistory _y1991-2003. |
|
| 651 | 0 |
_aUnited States _xMilitary relations _zIraq. |
|
| 651 | 0 |
_aIraq _xMilitary relations _zUnited States. |
|
| 651 | 0 |
_aIraq _xEthnic relations. |
|
| 856 | 4 | 2 |
_3Publisher description _uhttp://www.loc.gov/catdir/enhancements/fy0646/2006043701-d.html |
| 856 | 4 | 1 |
_3Sample text _uhttp://www.loc.gov/catdir/enhancements/fy0661/2006043701-s.html |
| 856 | 4 | 1 |
_3Table of contents _uhttp://www.loc.gov/catdir/enhancements/fy0661/2006043701-t.html |
| 856 | 4 | 2 |
_3Contributor biographical information _uhttp://www.loc.gov/catdir/enhancements/fy1107/2006043701-b.html |
| 906 |
_a7 _bcbc _corignew _d1 _eocip _f20 _gy-gencatlg |
||
| 942 |
_2ddc _cBK |
||
| 999 |
_c15267 _d15267 |
||